[Event "Bundesliga 2006-7"]
[Site "Solingen GER"]
[Date "2007.??.??"]
[Round "12"]
[White "Naumann, A"]
[Black "Muse, D"]
[Result "1-0"]
[WhiteElo "2549"]
[BlackElo "2407"]

1. e4 c5 2. Nf3 e6 3. d4 cxd4 4. Nxd4 Bc5 5. Nc3 Qb6 6. Na4 Qa5+ 7. c3 Bxd4
8. Qxd4 Nf6 9. Nc5 Nc6 10. Qd6 b6 11. Nb3 Qa4 12. f3 Ba6 13. Bxa6 Qxa6 14.
Bf4 Rc8 15. Bg5 Qb5 16. Bf4 Qa6 17. Kf2 Na5 18. Nxa5 Qxa5 19. Rhd1 Qc5+ 20.
Qxc5 Rxc5 21. Bd6 Rc6 22. Rd4 Nd5 23. Bb8 Ne7 24. Bxa7 d5 25. exd5 Nxd5 26.
Bb8 O-O 27. Bg3 Rfc8 28. a4 h6 29. Ke2 g5 30. Kd3 Kg7 31. Re1 Kg6 32. c4
Nb4+ 33. Kc3 Nd5+ 34. Kb3 Ne7 35. Rc1 Nf5 36. Rd3 f6 37. Kb4 e5 38. Bf2 Nd6
39. b3 e4 40. Rd5 exf3 41. gxf3 Nb7 42. Rcd1 Re6 43. Rd7 Nc5 44. R7d6 Re2
45. R1d2 Rxd2 46. Rxd2 Kf5 47. Rd6 h5 48. Bd4 Nd3+ 49. Kb5 Ne5 50. Bxe5
fxe5 51. Rxb6 g4 52. fxg4+ hxg4 53. c5 e4 54. Rd6 e3 55. Rd1 Rh8 56. c6
Rxh2 57. a5 Kf4 58. c7 Rc2 59. Kb6 e2 60. Ra1 1-0

[Event "14th Belisce Metalis Open"]
[Site "Bizovac CRO"]
[Date "2007.??.??"]
[Round "1"]
[White "Grgic, Miro"]
[Black "Drazic, Sinisa"]
[Result "0-1"]
[WhiteElo "2006"]
[BlackElo "2483"]

1. e4 c5 2. Nf3 e6 3. d4 cxd4 4. Nxd4 Bc5 5. Be2 Qb6 6. c3 Nc6 7. O-O Nxd4
8. cxd4 Bxd4 9. Qc2 Ne7 10. Nc3 a6 11. Bf3 O-O 12. Ne2 Bc5 13. b3 d6 14.
Bb2 e5 15. Rad1 Be6 16. Nc3 Rac8 17. Na4 Qc7 18. Nxc5 dxc5 19. Rd3 b6 20.
Rfd1 Nc6 21. a3 Nd4 22. Bxd4 cxd4 23. Qb2 a5 24. g3 Qc6 25. Bg2 f6 26. f4
Qc2 27. R1d2 Qxb2 28. Rxb2 Rc3 29. Bf1 Rfc8 30. a4 Kf7 31. f5 Bd7 32. Rxc3
dxc3 33. Rc2 Ke7 34. Kf2 Rc5 35. Ke3 Bc6 36. Bg2 b5 37. axb5 Bxb5 38. Bf3
Kd6 39. Be2 Kc6 40. Bxb5+ Kxb5 41. Kd3 Kb4 42. g4 Rc6 43. Ra2 Kxb3 44. Rxa5
c2 0-1

[Event "ch-SER Qualification, Belgrade SER"]
[Site "?"]
[Date "2007.??.??"]
[Round "5"]
[White "Drazic, Sinisa"]
[Black "Nestorovic, Dejan"]
[Result "1-0"]
[WhiteElo "2480"]
[BlackElo "2385"]

1. e4 c5 2. Nf3 e6 3. d4 cxd4 4. Nxd4 Bc5 5. Nb3 Bb6 6. Nc3 Ne7 7. Bg5 O-O
8. Qd2 Nbc6 9. O-O-O d5 10. exd5 exd5 11. Bb5 Bf5 12. Rhe1 f6 13. Be3 Rc8
14. Bxb6 Qxb6 15. Bxc6 1-0

[Event "ICC 90 5 u"]
[Site "Internet Chess Club"]
[Date "2007.04.21"]
[Round "1"]
[White "Anand, Viswanathan"]
[Black "Lacrosse, Marc"]
[Result "0-1"]
[WhiteElo "2786"]
[BlackElo "2155"]

1. e4 c5 2. Nf3 e6 3. d4 cxd4 4. Nxd4 Bc5 5. Nb3 Bb6 6. Nc3 Ne7 7. Bf4 d5
8. exd5 Nxd5 9. Nxd5 exd5 10. Bb5+ Nc6 11. O-O O-O 12. c3 Bf5 13. Qd2 a6
14. Bxc6 bxc6 15. Be3 Bc7 16. Bf4 Bb6 17. Rfe1 Qf6 18. Be5 Qg6 19. Qf4 Be4
20. Qg3 Rfe8 21. Bd4 Bc7 22. Qxg6 Bxg6 23. Nc5 a5 24. b3 Bf5 25. f3 h5 26.
g3 f6 27. Kf2 Kf7 28. Na4 g5 29. Rxe8 Rxe8 30. Bb6 Bxb6+ 31. Nxb6 Rb8 32.
Na4 Rb5 33. Rd1 Be6 34. Ke3 c5 35. Kd2 c4 36. bxc4 dxc4 37. Kc1 Rf5 38. Rf1
Re5 39. Rf2 Re3 40. f4 gxf4 41. Rxf4 Re1+ 42. Kb2 Re2+ 43. Ka3 Rxh2 44. Nc5
Bg4 45. Ne4 f5 46. Rf2 Rxf2 47. Nxf2 Kf6 48. Ka4 Kg5 49. Kxa5 f4 50. gxf4+
Kxf4 0-1

[Event "ICC 3 0"]
[Site "Internet Chess Club"]
[Date "2006.12.22"]
[Round "-"]
[White "unliked"]
[Black "Coming-Star"]
[Result "0-1"]
[WhiteElo "2877"]
[BlackElo "2880"]

1. e4 c5 2. Nf3 e6 3. d4 cxd4 4. Nxd4 Bc5 5. Be3 Nf6 6. Nc3 Bb4 7. Bd3 O-O
8. O-O e5 9. Nde2 Ng4 10. Bd2 d6 11. a3 Bc5 12. b4 Qh4 13. h3 Nxf2 14. Rxf2
Bxf2+ 15. Kh2 Bg4 16. Nd5 f5 17. exf5 Nc6 18. b5 Nd4 19. Nxd4 Bxd1 0-1

[Event "ICC 15 5"]
[Site "Internet Chess Club"]
[Date "2006.12.21"]
[Round "-"]
[White "Frogg"]
[Black "bookbuilder"]
[Result "1-0"]
[WhiteElo "2711"]
[BlackElo "2875"]

1. e4 c5 2. Nf3 e6 3. d4 cxd4 4. Nxd4 Bc5 5. Nc3 Nf6 6. Be3 Qb6 7. Qd2 Nc6
8. O-O-O O-O 9. Be2 Nxd4 10. Bxd4 Bxd4 11. Qxd4 Qxd4 12. Rxd4 e5 13. Rd6
Re8 14. Rhd1 b6 15. f3 Kf8 16. R6d2 a6 17. Bf1 Ra7 18. g4 Re6 19. g5 Nh5
20. Bh3 Rg6 21. Nd5 Nf4 22. Bf5 Nxd5 23. Bxg6 Ne3 24. Bf5 Nxd1 25. Rxd1 g6
26. Bg4 Ke7 27. Rd5 Kd8 28. Rd6 b5 29. a4 bxa4 30. Rd5 Rb7 31. Rxe5 Rb6 32.
Rd5 f6 33. h4 fxg5 34. hxg5 Rb5 35. c4 Rb4 36. Rd4 a5 37. f4 a3 38. bxa3
Rb3 39. a4 Rb4 40. f5 Rxa4 41. f6 Ke8 42. Kb2 Rb4+ 43. Kc3 Rb1 44. Bd1 Bb7
45. Ba4 Bc6 46. Bxc6 dxc6 47. Rd6 Rc1+ 48. Kd2 Rxc4 49. e5 Rc5 50. e6 Rd5+
51. Rxd5 cxd5 1-0

[Event "ICC 2 1"]
[Site "Internet Chess Club"]
[Date "2006.12.20"]
[Round "-"]
[White "MoonShot"]
[Black "bookbuilder"]
[Result "0-1"]
[WhiteElo "2582"]
[BlackElo "2813"]

1. e4 c5 2. Nf3 e6 3. d4 cxd4 4. Nxd4 Bc5 5. Be3 Qb6 6. Nc3 Nf6 7. Qd2 Nc6
8. Na4 Bb4 9. c3 Qa5 10. Nxc6 bxc6 11. cxb4 Qxa4 12. Qd4 a5 13. bxa5 Qxa5+
14. Bd2 Qc7 15. Bb4 d5 16. exd5 cxd5 17. Bb5+ Bd7 18. Bxd7+ Kxd7 19. O-O
Rhc8 20. Qd2 Ne4 21. Qe3 Qa7 22. Qe2 Rc4 23. Ba3 Ke8 24. b3 Rc6 25. Bb2 f6
26. Qd3 Kf7 27. Bd4 Qa6 28. Qh3 h6 29. Qh5+ Kf8 30. Qd1 Rac8 31. Qg4 Rc2
32. Rfd1 e5 33. f3 Nd6 34. Bf2 d4 35. f4 Ne4 36. Be1 Qb6 37. Rd3 exf4 38.
Qxf4 Re2 39. Qf3 Rcc2 40. Kf1 Qc7 41. Qxe2 Rxe2 42. Kxe2 Qc2+ 43. Rd2 d3+
44. Ke3 Nxd2 45. Bxd2 Qc5+ 46. Kxd3 Qf5+ 47. Ke2 Qe5+ 48. Be3 Qb2+ 49. Kf3
Qxa1 50. Bc5+ Kf7 51. b4 Qf1+ 52. Ke3 Qxg2 53. a4 Qh3+ 54. Ke4 Qe6+ 55. Kd4
Qd7+ 56. Kc4 Qxa4 57. h4 Qc6 58. Kd4 Qd7+ 59. Kc4 Qg4+ 60. Kd5 g5 61. hxg5
Qe6+ 62. Kd4 hxg5 63. Kc3 Qe5+ 64. Bd4 Qxd4+ 65. Kxd4 Ke6 66. Ke3 Kd5 67.
Kd3 f5 68. b5 Kc5 69. b6 Kxb6 70. Kd4 f4 71. Ke4 0-1

[Event "ICC 3 0"]
[Site "Internet Chess Club"]
[Date "2006.12.12"]
[Round "-"]
[White "titan13"]
[Black "Coming-Star"]
[Result "1-0"]
[WhiteElo "2896"]
[BlackElo "2870"]

1. e4 c5 2. Nf3 e6 3. d4 cxd4 4. Nxd4 Bc5 5. Nb3 Bb6 6. c4 Ne7 7. Nc3 O-O
8. Bf4 f5 9. c5 Bc7 10. Bd6 b6 11. Bd3 bxc5 12. Bxc5 fxe4 13. Bxe4 d5 14.
Bc2 Ba6 15. Qh5 g6 16. Qh3 Qd7 17. Nd4 e5 18. Ne6 Rf6 19. Nxc7 Qxc7 20.
Bxe7 Qxe7 21. Nxd5 Qd6 22. Nxf6+ Qxf6 23. Qf3 Qxf3 24. gxf3 Nc6 25. Be4 Nd4
26. Bxa8 Nc2+ 27. Kd2 1-0

[Event "ICC 3 1"]
[Site "Internet Chess Club"]
[Date "2006.12.01"]
[Round "-"]
[White "DVorNick"]
[Black "Coming-Star"]
[Result "0-1"]
[WhiteElo "2768"]
[BlackElo "2790"]

1. e4 c5 2. Nf3 e6 3. d4 cxd4 4. Nxd4 Bc5 5. Nb3 Bb6 6. Nc3 Ne7 7. Be2 O-O
8. O-O f5 9. exf5 Nxf5 10. Bd3 Nc6 11. Bxf5 Rxf5 12. Be3 d5 13. Bxb6 Qxb6
14. Ne2 Bd7 15. Ned4 Rf4 16. c3 a5 17. Qd2 Raf8 18. Rae1 a4 19. Nxc6 bxc6
20. Nc1 c5 21. Nd3 R4f5 22. Re2 Qd6 23. Rfe1 Rh5 24. h3 Rhf5 25. Ne5 Bc8
26. c4 Bb7 27. b3 axb3 28. axb3 h6 29. Ng4 Bc8 30. Re5 Qb6 31. Rxf5 exf5
32. Ne5 d4 33. Nd3 f4 34. b4 cxb4 35. Nxf4 b3 36. Nd5 Qc5 37. Rd1 Bb7 38.
Qxd4 Qxd4 39. Rxd4 b2 40. Rd1 Ra8 41. Nc3 Ra1 42. Rb1 Be4 0-1

[Event "ICC 3 0"]
[Site "Internet Chess Club"]
[Date "2006.12.01"]
[Round "-"]
[White "smurfo"]
[Black "Coming-Star"]
[Result "1/2-1/2"]
[WhiteElo "2868"]
[BlackElo "2783"]

1. e4 c5 2. Nf3 e6 3. d4 cxd4 4. Nxd4 Bc5 5. Nb3 Bb6 6. Qg4 Nf6 7. Qh4 d5
8. Bg5 Nbd7 9. exd5 exd5 10. Nc3 O-O 11. O-O-O h6 12. Bxh6 gxh6 13. Rd3 Ne5
14. Qxh6 Nfg4 15. Rg3 Bxf2 16. Qh5 Be3+ 17. Kb1 Qg5 18. Qxg5+ Bxg5 19. h3
Bf4 20. Rxg4+ Bxg4 21. hxg4 Rad8 22. Nd4 Kg7 23. Nf5+ Kf6 24. Be2 d4 25.
Ne4+ Ke6 26. Nc5+ Kd5 27. Nxb7 Rb8 28. Nbd6 Rfd8 29. Rd1 Rxd6 30. Rxd4+ Kc5
31. Rxd6 Nc4 32. Rd7 Na3+ 33. Ka1 Nxc2+ 34. Kb1 Na3+ 35. Ka1 Nc2+ 36. Kb1
Na3+ 37. Ka1 Nc2+ 1/2-1/2

[Event "ICC 3 0"]
[Site "Internet Chess Club"]
[Date "2006.11.28"]
[Round "-"]
[White "Kull"]
[Black "algernoon"]
[Result "0-1"]
[WhiteElo "2697"]
[BlackElo "2839"]

1. e4 c5 2. Nf3 e6 3. d4 cxd4 4. Nxd4 Bc5 5. Nb3 Bb6 6. Nc3 Ne7 7. Bd3 O-O
8. O-O f5 9. exf5 Nxf5 10. Qe2 d5 11. Kh1 Nc6 12. Nd1 Qh4 13. Ne3 Bc7 14.
g3 Bxg3 15. f4 Nfd4 16. Qg2 Bxf4 17. Ng4 Nxb3 18. Bxf4 Nxa1 19. Nh6+ Kh8
20. Bg5 Qb4 21. Nf7+ Kg8 22. Nh6+ Kh8 23. Nf7+ Rxf7 24. Rxf7 Ne5 25. Bh6
Qe1+ 26. Rf1 Qxf1+ 27. Qxf1 Bd7 28. Be3 Nxd3 29. Qxd3 Rf8 30. Bd4 e5 31.
Bxe5 d4 32. Qxd4 Bc6+ 33. Kg1 Nxc2 34. Bxg7+ Kg8 35. Qc3 Rf3 36. Qxc2 Kxg7
37. a3 a6 38. Qc5 Rf6 39. Qg5+ Rg6 40. Qxg6+ hxg6 0-1

[Event "ICC 3 0"]
[Site "Internet Chess Club"]
[Date "2006.10.02"]
[Round "-"]
[White "Psycho-Cowboy"]
[Black "sevan-89"]
[Result "1-0"]
[WhiteElo "2851"]
[BlackElo "2741"]

1. e4 c5 2. Nf3 e6 3. d4 cxd4 4. Nxd4 Bc5 5. Nb3 Bb6 6. Bd3 Ne7 7. O-O O-O
8. Kh1 f5 9. e5 Ng6 10. f4 a5 11. Qe2 a4 12. N3d2 Nc6 13. Nc4 Bc7 14. Be3
b5 15. Ncd2 b4 16. Nc4 Bb7 17. Bc5 Qh4 18. Bxf8 Rxf8 19. Qf2 Qh6 20. Nbd2
a3 21. bxa3 bxa3 22. Rab1 Ba8 23. Nb6 Bxb6 24. Rxb6 Nh4 25. Kg1 g5 26. Nf3
Nxf3+ 27. Qxf3 Nxe5 28. Qg3 Ng4 29. h3 gxf4 30. Rxf4 Qg7 31. hxg4 e5 32.
Rxf5 1-0

[Event "ICC 3 0"]
[Site "Internet Chess Club"]
[Date "2006.08.13"]
[Round "-"]
[White "G-Sarakauskas"]
[Black "sevan-89"]
[Result "0-1"]
[WhiteElo "2762"]
[BlackElo "2761"]

1. e4 c5 2. Nf3 e6 3. d4 cxd4 4. Nxd4 Bc5 5. Nb3 Bb6 6. Nc3 Ne7 7. Bd3 O-O
8. O-O f5 9. exf5 Nxf5 10. Qg4 d5 11. Bg5 Qd6 12. Rae1 Nc6 13. Bf4 e5 14.
Nb5 Qf6 15. Bg5 Qg6 16. h3 e4 17. Be2 Ne3 18. Qh4 Nxf1 19. Rxf1 Ne5 20. Be7
Nf3+ 21. Bxf3 exf3 22. g3 Rf5 23. Re1 Bd7 24. Qg4 Bxb5 25. Qxg6 hxg6 26. g4
Rf7 27. Bd6 Rd8 28. Bg3 Rc8 29. c3 a5 30. Be5 a4 31. Nd4 Bc4 32. Kh2 Re8
33. Kg3 Bxa2 34. Nxf3 Bc4 35. Ra1 Rfe7 36. Bd4 Bc7+ 37. Kg2 b5 38. Rd1 Re2
39. Bc5 R8e6 40. Nh4 Bb6 41. Bxb6 Rxb6 42. Rd4 Rf6 43. Kg3 Rxb2 44. g5 a3
45. gxf6 a2 46. fxg7 a1=Q 47. Nxg6 Qg1+ 0-1

[Event "ICC 3 0"]
[Site "Internet Chess Club"]
[Date "2006.08.13"]
[Round "-"]
[White "G-Sarakauskas"]
[Black "sevan-89"]
[Result "1-0"]
[WhiteElo "2799"]
[BlackElo "2724"]

1. e4 c5 2. Nf3 e6 3. d4 cxd4 4. Nxd4 Bc5 5. Nb3 Bb6 6. Qg4 Nf6 7. Qh4 a5
8. Bg5 a4 9. N3d2 Nc6 10. Nc3 a3 11. bxa3 Bd4 12. Ndb1 Qa5 13. Bd2 Qb6 14.
Bb5 O-O 15. O-O Ne5 16. a4 d5 17. exd5 exd5 18. a3 Bf5 19. Ra2 Rac8 20. Ne2
Bc5 21. Bb4 Ne4 22. Bxc5 Qxc5 23. Ng3 Bg6 24. Nxe4 dxe4 25. c3 e3 26. Qd4
exf2+ 27. Qxf2 Qd5 28. Qd2 Qb3 29. Rb2 Qe6 30. Re1 Rfd8 31. Qf2 Qd6 32. Rd2
Qc7 33. Rxd8+ Rxd8 34. Nd2 Ng4 35. Qg3 Qxg3 36. hxg3 h5 37. Nf3 Rc8 38.
Re8+ Rxe8 39. Bxe8 Kf8 40. Bb5 Ke7 41. a5 Kd6 42. a6 bxa6 43. Bxa6 Kc5 44.
Bb7 Nf6 45. a4 Ne4 46. a5 Nxc3 47. a6 Nb5 48. Ne5 Kb6 49. Nxg6 fxg6 50. Kh2
g5 51. Kg1 Nd4 52. Kf2 Nf5 53. Bc8 Nh6 54. Ke3 g4 55. Kf4 Nf7 56. Bb7 Nd6
57. Kg5 1-0

[Event "ICC 5 3"]
[Site "Internet Chess Club"]
[Date "2006.02.01"]
[Round "?"]
[White "turion64"]
[Black "Tweetie"]
[Result "1/2-1/2"]
[WhiteElo "2712"]
[BlackElo "2853"]

1. e4 c5 2. Nf3 e6 3. d4 cxd4 4. Nxd4 Bc5 5. Nb3 Bb6 6. Nc3 Ne7 7. Bc4 Nbc6
8. Bf4 O-O 9. Bd6 f5 10. Qe2 fxe4 11. Nxe4 Nf5 12. Bxf8 Qxf8 13. Bd3 d5 14.
Ng3 Nd6 15. O-O Qf4 16. Rae1 Bd7 17. Qh5 g6 18. Bxg6 hxg6 19. Qxg6+ Kf8 20.
Nh5 Qf7 21. Qh6+ Ke7 22. Qg5+ Kf8 23. Nf6 Bc8 24. Nxd5 exd5 25. Qh6+ Kg8
26. Qxd6 Bf5 27. Re2 Rd8 28. Qg3+ Qg7 29. Qxg7+ Kxg7 30. Rc1 Kf6 31. a4 Rg8
32. Ra1 a5 33. Kf1 Rg4 34. Rd2 Rc4 35. c3 d4 36. cxd4 Nxd4 37. Ra3 Nc6 38.
h3 Be6 39. f3 Nb4 40. Rd6 Bc7 41. Rxe6+ Kxe6 42. g4 b6 43. h4 Bf4 44. h5
Ke5 45. Ra1 Nd3 46. Rd1 Nxb2 47. Nd2 Rxa4 48. Rb1 Bxd2 49. Rxb2 Be3 50. Ke2
Bc5 51. Rd2 Ra1 52. Rc2 a4 53. Kd3 Kf4 54. h6 Rh1 55. Rc4+ Kxf3 56. g5 Be3
57. Rxa4 Bxg5 58. Ra3 Rxh6 59. Kd4+ Kg4 60. Rb3 Rd6+ 61. Ke4 Bf6 62. Rb4
Bc3 63. Rc4 Bg7 64. Rc7 Rd4+ 65. Ke3 Be5 66. Rb7 Rb4 67. Rf7 b5 68. Kd3 Rc4
69. Rb7 Rd4+ 70. Kc2 Rb4 71. Rf7 Ra4 72. Rb7 Ra2+ 73. Kd3 Rb2 74. Rf7 b4
75. Rb7 Bc3 76. Rf7 Rd2+ 77. Kc4 Rd1 78. Kb3 Rd5 79. Rf8 Rd7 80. Kc2 Rd2+
81. Kb3 Re2 82. Rf1 Re6 83. Kc4 Bd2 84. Rf8 Be1 85. Rf1 Kg3 86. Kb3 Bc3 87.
Rf8 Kg4 88. Kc4 Re2 89. Rf7 Ra2 90. Rf8 Rh2 91. Kb3 Rh1 92. Kc4 Rd1 93. Kb3
Rd5 94. Kc2 Rd4 95. Rf1 Re4 96. Kd3 Re5 97. Rf8 Ra5 98. Kc4 Ra2 99. Rf1 Kg3
100. Kd3 Rd2+ 101. Kc4 Re2 102. Kd3 Re6 103. Kc2 Kg4 104. Kb3 Re2 105. Rg1+
Kf4 106. Rg6 Re7 107. Ra6 Ke5 108. Kc4 Ke4 109. Kb3 Rf7 110. Ra2 Kd3 111.
Ra6 Rf1 112. Rd6+ Ke4 113. Rg6 Rf8 114. Ra6 Rf2 115. Ra8 Rf1 116. Re8+ Kd5
117. Rd8+ Kc5 118. Rc8+ Kb5 119. Rb8+ Ka6 120. Re8 Rb1+ 121. Kc2 Rb2+ 122.
Kd3 Bg7 123. Ra8+ Kb7 124. Rg8 b3 125. Rxg7+ Kb6 126. Rg1 Rf2 127. Kc3 Rf3+
128. Kb2 Rh3 129. Rf1 Rg3 130. Rh1 Kc5 131. Rh5+ Kc4 132. Rh4+ Kd5 133. Rh2
Rf3 134. Rh5+ Kd4 135. Rh4+ Kc5 136. Rh1 Re3 137. Rh5+ Kb6 138. Rg5 Rh3
139. Rg2 Kc5 140. Rg5+ Kc4 141. Rg4+ Kd5 142. Rg1 Re3 143. Rg8 Kc5 144.
Rc8+ Kd4 145. Kb1 Re2 146. Rd8+ Kc4 147. Rc8+ Kd5 148. Rd8+ Kc5 149. Rb8
Re4 150. Kb2 Rb4 151. Rg8 Rb6 152. Rg5+ Kb4 153. Rg3 Ka4 154. Rg4+ Rb4 155.
Rg8 Kb5 156. Ra8 Kc4 157. Rc8+ Kd4 158. Rh8 Rb5 159. Rh4+ Kd3 160. Rh3+ Ke4
161. Rh8 Rb7 162. Rh4+ Kd5 163. Rh5+ Kc4 164. Rh4+ Kc5 165. Rh5+ Kb4 166.
Rh2 Rc7 167. Rh4+ Rc4 168. Rxc4+ Kxc4 169. Kb1 Kc3 170. Ka1 Kb4 171. Kb1
Kb5 172. Ka1 Ka4 173. Kb1 Ka5 174. Ka1 Kb5 175. Kb1 Kc5 176. Ka1 Kd4 177.
Kb1 Ke4 178. Ka1 Kd3 179. Kb1 Kd4 180. Kb2 Ke3 181. Kxb3 1/2-1/2

[Event "ICC 5 3"]
[Site "Internet Chess Club"]
[Date "2006.02.03"]
[Round "?"]
[White "LinuxKnight"]
[Black "Tweetie"]
[Result "1/2-1/2"]
[WhiteElo "2874"]
[BlackElo "2884"]

1. e4 c5 2. Nf3 e6 3. d4 cxd4 4. Nxd4 Bc5 5. Nb3 Bb6 6. Nc3 Ne7 7. Bf4 d5
8. exd5 exd5 9. Bd3 Nbc6 10. O-O O-O 11. Re1 Nb4 12. Be3 Nec6 13. Bxb6 axb6
14. a3 Nxd3 15. Qxd3 Be6 16. Nd4 Re8 17. Ncb5 g6 18. h3 Nxd4 19. Nxd4 Qd6
20. Rad1 Bd7 21. Rxe8+ Rxe8 22. Nf3 Be6 23. c4 f6 24. Nh2 Kg7 25. Nf1 Rd8
26. Qd4 b5 27. cxb5 Qe5 28. Ne3 Qxd4 29. Rxd4 Kf7 30. Kf1 Ke7 31. Ke2 Kd6
32. Kd3 Rc8 33. Rf4 f5 34. Rh4 h5 35. Nc2 Ke5 36. g3 Kd6 37. Nd4 Bd7 38. a4
Rc1 39. Rf4 g5 40. Rf3 f4 41. gxf4 g4 42. hxg4 Bxg4 43. Re3 Rd1+ 44. Kc3
Rc1+ 45. Kd2 Rd1+ 46. Kc3 Rc1+ 47. Kd2 Rd1+ 48. Kc3 1/2-1/2

[Event "ICC 3 0"]
[Site "Internet Chess Club"]
[Date "2006.05.11"]
[Round "?"]
[White "nveht"]
[Black "sevan-89"]
[Result "1-0"]
[WhiteElo "2661"]
[BlackElo "2607"]

1. e4 c5 2. Nf3 e6 3. d4 cxd4 4. Nxd4 Bc5 5. c3 Nc6 6. Be3 Qb6 7. Nd2 d5 8.
exd5 exd5 9. Bb5 Ne7 10. N2b3 Bxd4 11. Nxd4 Qc7 12. O-O O-O 13. Re1 a6 14.
Bd3 Ng6 15. Qh5 Nce5 16. Bf4 Nf3+ 17. Qxf3 Nxf4 18. Bf5 g6 19. Bxc8 Raxc8
20. g3 Ne6 21. Qxd5 Nc5 22. Re2 Rcd8 23. Qf3 Qb6 24. Rae1 Kg7 25. b3 h5 26.
Re7 Rd6 27. b4 Nd7 28. Ne6+ Rxe6 29. R1xe6 Qd8 30. Re1 Nf6 31. Qxb7 Qd2 32.
Qxa6 Qxc3 33. b5 h4 34. b6 h3 35. Qe2 Qc6 36. f4 Qxb6+ 37. Qf2 Qc6 38. f5
Kg8 39. fxg6 fxg6 40. Rf1 Qd6 41. Re3 Nd7 42. Qe2 Rxf1+ 43. Qxf1 Nf6 44.
Rf3 Qb6+ 45. Kh1 Qc6 46. Kg1 Ng4 47. Rf2 Qc5 48. Kh1 Nxf2+ 49. Kg1 Ng4+ 50.
Kh1 Qd5+ 51. Kg1 Qd4+ 52. Kh1 Qe4+ 53. Kg1 Qe3+ 54. Kh1 Nf2+ 55. Kg1 Nd3+
56. Kh1 Qe4+ 57. Kg1 Qe3+ 58. Kh1 Nf2+ 59. Kg1 Ng4+ 60. Kh1 Nxh2 61. Kxh2
Qe4 62. Kxh3 Qf5+ 63. Kh2 1-0

[Event "ICC 3 0"]
[Site "Internet Chess Club"]
[Date "2006.05.11"]
[Round "?"]
[White "nveht"]
[Black "sevan-89"]
[Result "1-0"]
[WhiteElo "2658"]
[BlackElo "2610"]

1. e4 c5 2. Nf3 e6 3. d4 cxd4 4. Nxd4 Bc5 5. c3 Qb6 6. Be3 Nf6 7. Nd2 e5 8.
Nc4 Qd8 9. Nf5 Bxe3 10. Ncd6+ Kf8 11. Qb3 Bxf2+ 12. Kd1 Nd5 13. Qxd5 Qf6
14. Nxc8 Qc6 15. Qxe5 Qf6 16. Qxf6 gxf6 17. Ncd6 Nc6 18. Bc4 Rg8 19. g3 Rg4
20. Ke2 Bc5 21. Kf3 Ne5+ 22. Kg2 Nxc4 23. Nxc4 Rxe4 24. Ncd6 Re2+ 25. Kh3
Rxb2 26. Rae1 a5 27. Nc4 Rxa2 28. Rd1 Rf2 29. Nd4 d5 30. Ne3 Rd8 31. Ng4
Rb2 32. Nxf6 Kg7 33. Ng4 h5 34. Ne3 a4 35. Nef5+ Kg6 36. Rhf1 a3 37. Nh4+
Kg7 38. Rf5 a2 39. Rg5+ Kf8 40. Rxh5 Rb1 41. Ndf5 Kg8 42. Rg5+ Kf8 43. Rh5
Kg8 44. Rg5+ Kf8 45. Re1 Rxe1 46. Nh6 f6 47. Rg8+ Ke7 48. N6f5+ Ke6 49. Rg7
a1=Q 50. Re7+ 1-0

[Event "ICC 3 0"]
[Site "Internet Chess Club"]
[Date "2006.05.12"]
[Round "?"]
[White "IvanMolotov"]
[Black "sevan-89"]
[Result "1-0"]
[WhiteElo "2753"]
[BlackElo "2664"]

1. e4 c5 2. Nf3 e6 3. d4 cxd4 4. Nxd4 Bc5 5. Nb3 Bb6 6. Qg4 Nf6 7. Qh4 Nc6
8. Nc3 a5 9. a4 d5 10. exd5 exd5 11. Bg5 Be6 12. Bd3 Ne5 13. Bb5+ Kf8 14.
O-O Ng6 15. Qg3 Bc7 16. f4 h6 17. Bxf6 Qxf6 18. f5 Bxg3 19. fxe6 Bxh2+ 20.
Kxh2 Qxe6 21. Rae1 Qd6+ 22. Kh1 Ne5 23. Rf4 h5 24. Ref1 f6 25. Nd4 Ng4 26.
Nf5 Qe5 27. Nh4 Kf7 28. Bd3 g5 29. Ng6 gxf4 30. Nxe5+ fxe5 31. Bf5 d4 32.
Ne4 Rad8 33. Kg1 Nf6 34. Ng5+ 1-0

[Event "?"]
[Site "World Blitz, Rishon Le Zion ISR"]
[Date "2006.??.??"]
[Round "1"]
[White "Svidler, Peter"]
[Black "Smirin, Ilia"]
[Result "1-0"]
[WhiteElo "2740"]
[BlackElo "2655"]

1. e4 c5 2. Nf3 e6 3. d4 cxd4 4. Nxd4 a6 5. Bd3 Bc5 6. Nb3 Be7 7. Nc3 d6 8.
Qe2 Nf6 9. g4 Nc6 10. Be3 Ne5 11. h3 b5 12. g5 Nfd7 13. f4 Nxd3+ 14. cxd3
Bb7 15. O-O O-O 16. a3 Nc5 17. Nd4 g6 18. b4 Nd7 19. Rac1 Rc8 20. Nf3 Re8
21. h4 Bf8 22. Bd4 e5 23. fxe5 dxe5 24. Be3 Bg7 25. Nh2 Re6 26. Ng4 Rec6
27. Nd5 Rxc1 28. Bxc1 Bxd5 29. exd5 Qb6+ 30. Be3 Qd6 31. Qf3 Rf8 32. h5
gxh5 33. Nf6+ Bxf6 34. gxf6 Kh8 35. Bh6 Rg8+ 36. Bg7+ Rxg7+ 37. fxg7+ Kxg7
38. Qxf7+ Kh6 39. Qe6+ 1-0

[Event "?"]
[Site "15th ETC, Gothenburg SWE"]
[Date "2005.??.??"]
[Round "6"]
[White "Svidler, Peter"]
[Black "Van Wely, Loek"]
[Result "1/2-1/2"]
[WhiteElo "2735"]
[BlackElo "2655"]

1. e4 c5 2. Nf3 e6 3. d4 cxd4 4. Nxd4 a6 5. Bd3 Bc5 6. Nb3 Be7 7. Qg4 g6 8.
Qe2 d6 9. Nc3 Nd7 10. Be3 Qc7 11. g4 Ngf6 12. g5 Nh5 13. f4 b5 14. a3 O-O
15. O-O-O Rb8 16. Qd2 Nc5 17. Kb1 Bb7 18. Rhf1 Rfe8 19. f5 Bf8 20. Bd4 Ba8
21. Rf2 Re7 22. fxe6 Rxe6 23. Rdf1 Re7 24. Be2 Nxe4 25. Nxe4 Bxe4 26. Bxh5
gxh5 27. Bf6 Ree8 28. Nd4 Qc4 29. Nf5 Bxf5 30. Rxf5 Re2 31. Qd1 Rbe8 32.
Bc3 R8e7 33. R5f4 R2e4 34. Qxd6 Rxf4 35. Qxf4 Qxf4 36. Rxf4 Bg7 37. Bb4 Re5
38. Rd4 Re1+ 39. Bxe1 Bxd4 40. Bd2 Kf8 41. b3 Ke7 42. c4 bxc4 43. bxc4 Ke6
44. Kc2 Bc5 45. a4 Be7 46. Kd3 Ke5 47. h3 Bd8 48. Bc1 Be7 49. Be3 Bd8 50.
Bd4+ Ke6 51. h4 Bc7 52. Bf2 Be5 53. Ke4 f5+ 54. gxf6 Bxf6 55. Bg3 h6 56. c5
Bg7 57. c6 Bf6 1/2-1/2

[Event "?"]
[Site "Dortmund GER"]
[Date "1997.??.??"]
[Round "?"]
[White "Ivanchuk, Vassily"]
[Black "Short, Nigel D"]
[Result "1-0"]
[WhiteElo "2725"]
[BlackElo "2660"]

1. e4 c5 2. Nf3 e6 3. d4 cxd4 4. Nxd4 Qb6 5. Nc3 Bc5 6. Na4 Qa5+ 7. c3 Bxd4
8. Qxd4 Nf6 9. Nc5 b6 10. Nb3 Qh5 11. f3 O-O 12. Bf4 Nc6 13. Qe3 e5 14. Bg5
Ne8 15. g4 Qg6 16. O-O-O Qe6 17. Kb1 Bb7 18. Qd3 d6 19. h4 Kh8 20. Rh2 f6
21. Be3 Ne7 22. c4 Qf7 23. h5 h6 24. Na1 Nc6 25. Rhd2 Rd8 26. Nc2 Qe6 27.
Bf2 Rf7 28. Ne3 Qc8 29. Qa3 Nd4 30. Nd5 Nc6 31. Nc3 Qb8 32. Nb5 Rfd7 33. c5
bxc5 34. Bxc5 Bc8 35. Nxd6 Nxd6 36. Rxd6 Rxd6 37. Rxd6 Be6 38. Rxe6 Rd1+
39. Kc2 Rxf1 40. Rxc6 Qb5 41. Qa6 1-0

[Event "?"]
[Site "Allemagne Bundesliga"]
[Date "2003.??.??"]
[Round "?"]
[White "Anand, Viswanathan"]
[Black "Markowski, Tomasz"]
[Result "1-0"]
[WhiteElo "2765"]
[BlackElo "2600"]

1. e4 c5 2. Nf3 e6 3. d4 cxd4 4. Nxd4 a6 5. Bd3 Bc5 6. Nb3 Be7 7. Be3 d6 8.
N1d2 Nf6 9. f4 b6 10. Qe2 Bb7 11. O-O-O Qc7 12. g4 Nfd7 13. Kb1 Nc6 14. c3
b5 15. Rhf1 e5 16. f5 h6 17. Qf2 Rc8 18. h4 b4 19. Rc1 bxc3 20. Rxc3 Qd8
21. f6 gxf6 22. a3 Nc5 23. Nxc5 dxc5 24. g5 hxg5 25. hxg5 Nd4 26. gxf6 Bf8
27. Qg3 Rh5 28. Bxd4 exd4 29. Rb3 Qc7 30. e5 Bd5 31. Bc4 Rxe5 32. Re1 Re6
33. Rxe6+ Bxe6 34. Qd3 Qe5 35. Bxe6 Qxe6 36. Nc4 Qxf6 37. Rb6 Qh4 38. Qe2+
Kd8 39. Qe5 Qh3 40. Nd6 Qe3 41. Nxf7+ Kd7 42. Qd5+ Ke7 43. Qb7+ 1-0

[Event "?"]
[Site "CHN-RUS Rapid Match rapid"]
[Date "2001.??.??"]
[Round "?"]
[White "Zhang Zhong"]
[Black "Svidler, Peter"]
[Result "0-1"]
[WhiteElo "2665"]
[BlackElo "2695"]

1. e4 c5 2. Nf3 e6 3. d4 cxd4 4. Nxd4 a6 5. Bd3 Bc5 6. Nb3 Be7 7. c4 d6 8.
Nc3 Nf6 9. O-O Nbd7 10. Nd4 Qc7 11. b3 Ne5 12. Bb2 Nxd3 13. Qxd3 O-O 14.
Qg3 e5 15. Nc2 b5 16. Nb4 Be6 17. cxb5 axb5 18. Rac1 Qb7 19. Qd3 Rac8 20.
Rfd1 Rc5 21. Ncd5 Nxd5 22. exd5 Bg4 23. f3 Rxc1 24. Rxc1 Bd7 25. Rc2 f5 26.
Bc1 f4 27. Qe2 Bf5 28. Rc6 Bd8 29. Kh1 Ba5 30. Bd2 e4 31. fxe4 Re8 32. Qh5
Bg6 33. Qg4 Bxe4 34. Bc3 Bxb4 35. Bxb4 Bxd5 36. Rxd6 f3 37. Qd4 Kh8 38. Kg1
Bc6 39. gxf3 h5 40. Rd8 Rxd8 41. Qxd8+ Kh7 42. Qd3+ g6 0-1

[Event "?"]
[Site "Bundesliga"]
[Date "2006.??.??"]
[Round "15"]
[White "Shirov, Alexei D"]
[Black "Van Wely, Loek"]
[Result "1-0"]
[WhiteElo "2705"]
[BlackElo "2645"]

1. e4 c5 2. Nf3 e6 3. d4 cxd4 4. Nxd4 a6 5. Bd3 Bc5 6. Nb3 Be7 7. c4 d6 8.
Nc3 Nf6 9. f4 b6 10. Qf3 Bb7 11. Qh3 Nbd7 12. Be3 b5 13. Nd2 b4 14. Ne2 h5
15. O-O-O Qc7 16. Kb1 Nc5 17. Bxc5 Qxc5 18. Rhf1 a5 19. Nb3 Qb6 20. e5 dxe5
21. fxe5 Ng4 22. Ned4 Rd8 23. c5 Bxc5 24. Nxe6 Qxe6 25. Nxc5 Qb6 26. Nxb7
Qxb7 27. e6 f6 28. Bg6+ Ke7 29. Rxd8 Rxd8 30. Qxh5 Nh6 31. Qxa5 Rd5 32. Qa4
Qb8 33. h3 f5 34. g4 fxg4 35. hxg4 Qb5 36. Qa7+ Kxe6 37. Qf2 Nxg4 38. Qf7+
Kd6 39. Rc1 Qd7 40. Qxd5+ Kxd5 41. Rd1+ 1-0